| 000 | 00714nam a2200217 a 4500 | ||
|---|---|---|---|
| 001 | 000035263 | ||
| 005 | 20200930074220.0 | ||
| 008 | 111026s1960 ag 000 0 spa d | ||
| 040 |
_aDO-SdBNP _bspa _cBNPHU |
||
| 082 |
_axxxx _bK785c, 1960 |
||
| 100 | 1 |
_aKoestler, Arthur _961020 |
|
| 240 | 1 | 0 |
_a"Darkness at noon" _lEspañol |
| 245 | 1 | 3 |
_aEl centro y el infinito. / _cArthur Koestler ; traducción de G. Nicholson. |
| 250 | _a2a ed. | ||
| 260 |
_aBuenos Aires : _bEmecé Editores, _c1960. |
||
| 300 |
_a200 p. ; _c18 cm. |
||
| 490 | 1 |
_aPiragua _v37 |
|
| 500 | _aTraducido del inglés | ||
| 590 | _aPerteneció a la biblioteca personal de Juan Isidro Jimenes Grullón. | ||
| 700 | 1 |
_aNicholson, G. , _etr. _961021 |
|
| 999 |
_c34754 _d34754 |
||